Born in Lahti - Statistics

General Stats
  • This quiz has been taken 24 times
  • The average score is 2 of 5
Answer Stats
Hint Answer % Correct
Former footballer who is widely considered to be Finland's greatest football player of all time (Ajax, Barcelona, Liverpool and the Finnish national team) 1971 Jari Litmanen
100%
Former ski jumper and record five times Four Hills Tournament winner 1977 Janne Ahonen
78%
Former footballer who played for Werder Bremen, Ajax and the Finnish national team 1980 Petri Pasanen
35%
Former ski jumper, winner of the Four Hills tournament 1992, winner of three Olympic medals and youngest ever Winter Olympics gold medalist 1975 Toni Nieminen
22%
Former ski jumper, winner of three Olympic medals and eight World Championship medals 1959 Jari Puikkonen
13%
No matching quizzes found
Score Distribution
Percent of People with Each Score
Percentile by Number Answered
Your Score History
You have not taken this quiz